[Event "Bayern-chTT (RL Nord-West)"]
[Site "Bayern 2008/09"]
[Date "2008.12.14"]
[Round "4.3"]
[White "Shashkin, Igor"]
[Black "Kunz, Konstantin"]
[Result "0-1"]
[WhiteElo "2056"]
[BlackElo "2185"]
[PlyCount "102"]
[EventDate "2009.03.??"]
[EventType "team-tourn"]
[EventRounds "9"]
[WhiteTeam "Hof 1"]
[BlackTeam "Kitzingen 1"]

1. e4 c5 2. Nf3 Nc6 3. Bb5 Qc7 4. O-O a6 5. Bxc6 dxc6 6. h3 e5 7. d3 f6 8. Be3
g5 9. Nh2 h5 10. Nc3 b6 11. Na4 Rb8 12. c3 Be6 13. Qe2 a5 14. Rfd1 Ne7 15. d4
Ng6 16. f3 cxd4 17. cxd4 exd4 18. Bxd4 Bd6 19. Nf1 Be5 20. Qe3 c5 21. Bxe5 Qxe5
22. Qc3 Ke7 23. Qxe5 Nxe5 24. Ne3 c4 25. Nd5+ Bxd5 26. Rxd5 b5 27. Nc3 b4 28.
Na4 Rhd8 29. Rc1 g4 30. hxg4 hxg4 31. Rxa5 gxf3 32. Ra7+ Ke6 33. Ra6+ Kf7 34.
Ra7+ Kg6 35. gxf3 Nxf3+ 36. Kf2 Ng5 37. Ke3 Rb5 38. Re7 Ra8 39. b3 c3 40. Kf4
Rh8 41. Nxc3 bxc3 42. Rxc3 Rh4+ 43. Ke3 Rh2 44. a4 Rb4 45. Rc4 Rxb3+ 46. Kd4
Nf3+ 47. Kc5 Rh5+ 48. Kd6 Ra5 49. Rec7 Ra3 50. Rc2 R3xa4 51. Re2 Re5 0-1

[Event "Bayern-chTT (RL Nord-West)"]
[Site "Bayern 2008/09"]
[Date "2008.12.14"]
[Round "4.4"]
[White "Basel, Matthias"]
[Black "Urytskyy, Michael"]
[Result "1-0"]
[WhiteElo "1994"]
[BlackElo "1988"]
[PlyCount "61"]
[EventDate "2009.03.??"]
[EventType "team-tourn"]
[EventRounds "9"]
[WhiteTeam "Kitzingen 1"]
[BlackTeam "Hof 1"]

1. d4 Nf6 2. Nf3 g6 3. c4 c5 4. Nc3 cxd4 5. Nxd4 Bg7 6. e4 O-O 7. Be2 Nc6 8.
Be3 d6 9. O-O Nxd4 10. Bxd4 Be6 11. Qd2 Qa5 12. Rfd1 Rfc8 13. b3 a6 14. f3 b5
15. cxb5 axb5 16. Nxb5 Qxd2 17. Rxd2 Bxb3 18. axb3 Rxa1+ 19. Bxa1 Bh6 20. Rd1
Be3+ 21. Kf1 Nd7 22. Bd4 Bh6 23. Bc4 Ra8 24. Ra1 Rxa1+ 25. Bxa1 Bg7 26. Bd4 Kf8
27. Ke2 Nc5 28. Bxg7+ Kxg7 29. Ke3 Kf8 30. Kd4 Ke8 31. e5 1-0

[Event "Bayern-chTT (RL Nord-West)"]
[Site "Bayern 2008/09"]
[Date "2008.12.14"]
[Round "4.5"]
[White "Scheidt, Joerg Dr"]
[Black "Hanft, Michael"]
[Result "1/2-1/2"]
[WhiteElo "1975"]
[BlackElo "1977"]
[PlyCount "76"]
[EventDate "2009.03.??"]
[EventType "team-tourn"]
[EventRounds "9"]
[WhiteTeam "Hof 1"]
[BlackTeam "Kitzingen 1"]

1. e4 c5 2. Nf3 Nc6 3. d3 g6 4. g3 Bg7 5. Bg2 e6 6. O-O Nge7 7. Re1 d6 8. c3
O-O 9. Nbd2 Rb8 10. Nf1 b5 11. Be3 b4 12. d4 bxc3 13. bxc3 cxd4 14. cxd4 d5 15.
Bg5 dxe4 16. Rxe4 h6 17. Bf4 Rb6 18. Rc1 Nd5 19. Bd2 Bb7 20. Rc4 Ra6 21. Qc1
Qa8 22. Bxh6 Nce7 23. Bxg7 Kxg7 24. Re2 Nf6 25. Ne1 Bxg2 26. Nxg2 Ned5 27. Nfe3
Rd8 28. Nxd5 Nxd5 29. h4 Nf6 30. Ne1 Rad6 31. Qb2 Rc6 32. Rec2 Rxc4 33. Rxc4
Rb8 34. Qc2 Qd5 35. Ng2 Rb1+ 36. Qxb1 Qxc4 37. Qb2 Nd5 38. Ne3 Qc3 1/2-1/2

[Event "Bayern-chTT (RL Nord-West)"]
[Site "Bayern 2008/09"]
[Date "2008.12.14"]
[Round "4.6"]
[White "Kwossek, Georg"]
[Black "Schleupner, Kurt"]
[Result "1/2-1/2"]
[WhiteElo "1936"]
[BlackElo "1877"]
[PlyCount "56"]
[EventDate "2009.03.??"]
[EventType "team-tourn"]
[EventRounds "9"]
[WhiteTeam "Kitzingen 1"]
[BlackTeam "Hof 1"]

1. d4 Nf6 2. Nf3 g6 3. c4 d6 4. Nc3 Bg7 5. e4 O-O 6. Be2 e5 7. O-O Nc6 8. d5
Ne7 9. b4 Nd7 10. Be3 b6 11. a4 a5 12. bxa5 Rxa5 13. Nd2 f5 14. f3 fxe4 15.
fxe4 Rxf1+ 16. Bxf1 Nf6 17. Be2 Kh8 18. Nb3 Ra8 19. h3 Neg8 20. Qd2 Bd7 21. Bf3
Bf8 22. a5 bxa5 23. Rxa5 Rxa5 24. Nxa5 c5 25. dxc6 Qxa5 26. cxd7 Nxd7 27. Nb5
Qxd2 28. Bxd2 Nc5 1/2-1/2

[Event "Bayern-chTT (RL Nord-West)"]
[Site "Bayern 2008/09"]
[Date "2008.12.14"]
[Round "4.7"]
[White "Wilfert, Peter"]
[Black "Gernert, Ingolf"]
[Result "1-0"]
[WhiteElo "2000"]
[BlackElo "1971"]
[PlyCount "71"]
[EventDate "2009.03.??"]
[EventType "team-tourn"]
[EventRounds "9"]
[WhiteTeam "Hof 1"]
[BlackTeam "Kitzingen 1"]

1. e4 c5 2. Nf3 e6 3. d4 cxd4 4. Nxd4 Nc6 5. c3 a6 6. Be3 Qc7 7. g3 Nf6 8. Bg2
d6 9. O-O Be7 10. a4 Nd7 11. Na3 h5 12. Qd2 Nce5 13. f4 Ng4 14. b4 b6 15. Rac1
Bb7 16. h3 Nxe3 17. Qxe3 Rc8 18. Nb1 Qb8 19. Nd2 Rc7 20. N2f3 d5 21. exd5 Bxd5
22. f5 Bxf3 23. Bxf3 e5 24. Nc6 Qc8 25. Nxe5 Nxe5 26. Qxe5 Kf8 27. Qe4 Bd6 28.
Kg2 h4 29. gxh4 Rc4 30. Qd5 Bf4 31. Rcd1 Rxh4 32. Rfe1 Kg8 33. Rd3 Rh6 34. Qd8+
Kh7 35. Re8 Qxd8 36. Rdxd8 1-0

[Event "Bayern-chTT (RL Nord-West)"]
[Site "Bayern 2008/09"]
[Date "2008.12.14"]
[Round "4.8"]
[White "Eckert, Leo"]
[Black "Wuest, Michael ProfDr(56)"]
[Result "1/2-1/2"]
[WhiteElo "1871"]
[BlackElo "1880"]
[PlyCount "76"]
[EventDate "2009.03.??"]
[EventType "team-tourn"]
[EventRounds "9"]
[WhiteTeam "Kitzingen 1"]
[BlackTeam "Hof 1"]

1. d4 Nf6 2. c4 g6 3. Nc3 Bg7 4. e4 d6 5. Be2 O-O 6. Nf3 Nbd7 7. O-O e5 8. Bg5
h6 9. Bh4 c6 10. d5 c5 11. Ne1 a6 12. a3 Qe8 13. Nd3 Rb8 14. b4 b6 15. f3 Nh7
16. Rb1 f5 17. a4 Bb7 18. bxc5 bxc5 19. a5 g5 20. Be1 f4 21. Qa4 Nhf6 22. Bd2
Qg6 23. Nf2 h5 24. Rb2 Rf7 25. Rfb1 Nf8 26. Qd1 N8h7 27. Rb6 Bf8 28. Rxa6 Bxa6
29. Rxb8 Nd7 30. Ra8 Bb7 31. Ra7 Nb8 32. Qb3 Qg7 33. Nb5 Na6 34. h3 Nf6 35. Bc3
Kh8 36. Kf1 Kg8 37. Kg1 Kh8 38. Kf1 Kg8 1/2-1/2

[Event "Bayern-chTT (RL Nord-West)"]
[Site "Bayern 2008/09"]
[Date "2008.12.14"]
[Round "4.1"]
[White "Schramm, Christian(73)"]
[Black "Ruettinger, Johannes"]
[Result "0-1"]
[WhiteElo "2262"]
[BlackElo "2146"]
[PlyCount "68"]
[EventDate "2009.03.??"]
[EventType "team-tourn"]
[EventRounds "9"]
[WhiteTeam "Obernau 1"]
[BlackTeam "Bindlach 2"]

1. e4 c5 2. Nf3 a6 3. g3 b5 4. Bg2 Bb7 5. d3 e6 6. O-O Nf6 7. Nbd2 Be7 8. Re1
O-O 9. Nf1 d6 10. h4 Nbd7 11. Ng5 Qc7 12. f4 e5 13. c4 Nb8 14. b3 Nc6 15. Ne3
Nd4 16. Rf1 Nd7 17. Bh3 exf4 18. gxf4 h6 19. Nf3 Nxf3+ 20. Qxf3 Bxh4 21. Bb2
Bf6 22. Rf2 Bxb2 23. Rxb2 Nf6 24. Rg2 Kh8 25. Kh2 Rae8 26. Rag1 g6 27. Qg3 Nh5
28. Qh4 d5 29. e5 dxc4 30. Rxg6 fxg6 31. Rxg6 Rxe5 32. Qg4 Re7 33. Nf5 Qxf4+
34. Qxf4 Nxf4 0-1

[Event "Bayern-chTT (RL Nord-West)"]
[Site "Bayern 2008/09"]
[Date "2008.12.14"]
[Round "4.3"]
[White "Scherer, Ralf"]
[Black "Pesch, Werner ProfDr"]
[Result "1/2-1/2"]
[WhiteElo "2120"]
[BlackElo "2173"]
[PlyCount "109"]
[EventDate "2009.03.??"]
[EventType "team-tourn"]
[EventRounds "9"]
[WhiteTeam "Obernau 1"]
[BlackTeam "Bindlach 2"]

1. g3 f5 2. Bg2 Nf6 3. Nf3 g6 4. O-O Bg7 5. c4 O-O 6. Nc3 e6 7. d3 d6 8. Rb1 h6
9. b4 g5 10. Qb3 Kh8 11. a4 Nc6 12. b5 Ne7 13. Nd2 Rb8 14. a5 b6 15. axb6 axb6
16. Bb2 e5 17. Ra1 Bb7 18. Nd5 Nexd5 19. cxd5 Qd7 20. Ra7 Qf7 21. Qc4 Rfc8 22.
Rc1 Nd7 23. Nb3 Nc5 24. Nxc5 dxc5 25. Rca1 Qd7 26. Bc3 Rd8 27. R1a4 Qd6 28. Qb3
Re8 29. Qa2 Bc8 30. Qb2 Bd7 31. f4 Re7 32. Ra8 Rxa8 33. Rxa8+ Kh7 34. fxe5 Bxe5
35. Rd8 Bg7 36. Bxg7 Rxg7 37. e4 Qe7 38. Ra8 c4 39. dxc4 Qc5+ 40. Qf2 Qxc4 41.
e5 f4 42. e6 Bxb5 43. Ra1 Be8 44. Re1 Re7 45. gxf4 gxf4 46. Be4+ Bg6 47. Qxf4
Bxe4 48. Qxe4+ Qxe4 49. Rxe4 Kg7 50. Kf2 Kf8 51. Ke3 Rg7 52. Kd4 Ke7 53. Rf4
Kd6 54. Ke4 c6 55. dxc6 1/2-1/2

[Event "Bayern-chTT (RL Nord-West)"]
[Site "Bayern 2008/09"]
[Date "2008.12.14"]
[Round "4.4"]
[White "Heimerdinger, Joerg"]
[Black "Frey, Michael(77)"]
[Result "1-0"]
[WhiteElo "2022"]
[BlackElo "2059"]
[PlyCount "131"]
[EventDate "2009.03.??"]
[EventType "team-tourn"]
[EventRounds "9"]
[WhiteTeam "Bindlach 2"]
[BlackTeam "Obernau 1"]

1. e4 g6 2. d4 Bg7 3. Nc3 d6 4. Be3 a6 5. a4 b6 6. f4 Bb7 7. Nf3 e6 8. Bd3 Ne7
9. O-O Nd7 10. f5 exf5 11. exf5 O-O 12. Ne2 Nf6 13. Ng3 Ng4 14. Qd2 Nxe3 15.
Qxe3 Nd5 16. Qd2 Nf6 17. c3 Qd7 18. a5 b5 19. h4 Rae8 20. h5 Ne4 21. Qf4 Nxg3
22. Qxg3 Re3 23. Rad1 Rxd3 24. Rxd3 Qxf5 25. Ng5 Qd7 26. hxg6 fxg6 27. Rxf8+
Bxf8 28. Rd1 Bd5 29. Rf1 Bg7 30. Qf4 Qe7 31. Nf3 h6 32. Re1 Qd7 33. Nd2 g5 34.
Qe3 Qg4 35. Qh3 Qxh3 36. gxh3 Kf7 37. Kf2 b4 38. Ne4 Kg6 39. Ke3 b3 40. Rg1 Kf5
41. Rf1+ Kg6 42. Rf2 Be6 43. Rh2 Kh5 44. Nd2 Kh4 45. Kf2 Kh5 46. Kg3 c5 47. Re2
Bf7 48. dxc5 dxc5 49. Re7 Kg6 50. Ra7 Be5+ 51. Kf2 Bf4 52. Rxa6+ Kf5 53. Ke1 h5
54. Rb6 g4 55. hxg4+ hxg4 56. Nf1 Bc1 57. a6 Ke5 58. a7 Bd5 59. Rxb3 Bf4 60.
Rb8 g3 61. Nxg3 Bxg3+ 62. Kd2 Bf4+ 63. Kc2 Be4+ 64. Kb3 Kd6 65. a8=Q Bxa8 66.
Rxa8 1-0

[Event "Bayern-chTT (RL Nord-West)"]
[Site "Bayern 2008/09"]
[Date "2008.12.14"]
[Round "4.5"]
[White "Schmitt, Dieter(54)"]
[Black "Tiller, Jaroslav"]
[Result "0-1"]
[WhiteElo "1950"]
[BlackElo "2051"]
[PlyCount "50"]
[EventDate "2009.03.??"]
[EventType "team-tourn"]
[EventRounds "9"]
[WhiteTeam "Obernau 1"]
[BlackTeam "Bindlach 2"]

1. c4 Nf6 2. b3 e5 3. Bb2 Nc6 4. g3 d5 5. Bg2 d4 6. d3 Bc5 7. Nf3 O-O 8. O-O
Qe7 9. a3 a5 10. Nbd2 h6 11. h3 Bd7 12. Nh2 Bf5 13. g4 Bh7 14. Ne4 Nxe4 15.
dxe4 Nd8 16. Qd3 Ne6 17. Bc1 Nf4 18. Bxf4 exf4 19. b4 axb4 20. axb4 Bxb4 21.
Qxd4 Rad8 22. Qa7 Bxe4 23. Bxe4 Qxe4 24. Rfb1 Ra8 25. f3 Qc6 0-1

[Event "Bayern-chTT (RL Nord-West)"]
[Site "Bayern 2008/09"]
[Date "2008.12.14"]
[Round "4.6"]
[White "Vojtech, Jaroslav"]
[Black "Frankenberger, Ralf"]
[Result "1-0"]
[WhiteElo "2131"]
[BlackElo "1913"]
[PlyCount "111"]
[EventDate "2009.03.??"]
[EventType "team-tourn"]
[EventRounds "9"]
[WhiteTeam "Bindlach 2"]
[BlackTeam "Obernau 1"]

1. e4 d6 2. Nc3 e5 3. f4 Nc6 4. Nf3 Nf6 5. Bb5 Bd7 6. d3 Qe7 7. O-O h6 8. Kh1
O-O-O 9. b4 exf4 10. Bxc6 Bxc6 11. b5 Bd7 12. Bxf4 g5 13. Be3 Kb8 14. a4 Rg8
15. a5 g4 16. Nd4 g3 17. Nf3 Ng4 18. Nd5 Nxe3 19. Nxe3 gxh2 20. b6 cxb6 21.
axb6 a6 22. Nd5 Qe6 23. Qd2 Bg7 24. Ra2 Bc6 25. Nb4 Rc8 26. c4 Qg4 27. Qf2 Bc3
28. Rb1 f5 29. Nxh2 Qg3 30. Nxc6+ Rxc6 31. Qxf5 Rc5 32. Qf7 Rg7 33. Qf8+ Rc8
34. Qf3 Qh4 35. Qh3 Qxh3 36. gxh3 Rg3 37. Rf2 Rxh3 38. Rf3 Rh5 39. Rf5 Rh4 40.
Rbf1 Bd4 41. R1f4 Rxf4 42. Rxf4 Bxb6 43. Rf6 Rg8 44. Nf3 Bc7 45. Rxh6 Rg3 46.
Rf6 a5 47. Kh2 Rg4 48. Kh3 Rg8 49. Nd4 a4 50. Nb5 b6 51. Rf7 Rc8 52. Rf1 Kb7
53. Rf7 Kc6 54. Na7+ Kb7 55. Nxc8 Kxc8 56. Rf2 1-0

[Event "Bayern-chTT (RL Nord-West)"]
[Site "Bayern 2008/09"]
[Date "2008.12.14"]
[Round "4.7"]
[White "Thomele, Michael"]
[Black "Hennigs, Stefan"]
[Result "1-0"]
[WhiteElo "1890"]
[BlackElo "1923"]
[PlyCount "143"]
[EventDate "2009.03.??"]
[EventType "team-tourn"]
[EventRounds "9"]
[WhiteTeam "Obernau 1"]
[BlackTeam "Bindlach 2"]

1. e4 c5 2. Nf3 d6 3. d4 cxd4 4. Nxd4 Nf6 5. Nc3 a6 6. Be2 e6 7. Bg5 Be7 8. O-O
O-O 9. Kh1 Nbd7 10. f4 Qc7 11. Bf3 Re8 12. a4 h6 13. Bh4 Nxe4 14. Nxe6 fxe6 15.
Bxe4 Bxh4 16. Qh5 Qd8 17. Qg6 Nf8 18. Qh5 Bf6 19. Ra3 d5 20. Bd3 Bd7 21. Nd1
Qe7 22. c3 b5 23. a5 b4 24. Ra1 Rec8 25. Qf3 Qc5 26. cxb4 Qxb4 27. f5 Qd6 28.
fxe6 Bxe6 29. Ne3 Rab8 30. Qh5 Rc7 31. Rad1 Rxb2 32. Bf5 Bxf5 33. Nxf5 Qe6 34.
Rde1 Qf7 35. Qg4 Kh8 36. Rc1 Rxc1 37. Rxc1 Qg6 38. Qf3 Qf7 39. Nd6 Qe6 40. Qg3
Be5 41. Qxe5 Qxe5 42. Nf7+ Kg8 43. Nxe5 Ra2 44. Nc6 Kf7 45. Kg1 Ke6 46. Rb1 Nd7
47. Nd4+ Ke5 48. Nc6+ Kd6 49. Nd4 Rxa5 50. Nf5+ Ke5 51. Nxg7 d4 52. Re1+ Kd5
53. Nf5 h5 54. h3 Nf6 55. Kf2 d3 56. Ne7+ Kc4 57. Rc1+ Kb3 58. Nc6 Rc5 59. Nd4+
Kb4 60. Rd1 Kc3 61. Nf3 a5 62. Ke3 Rd5 63. Rc1+ Kb2 64. Rc4 Kb3 65. Nd2+ Ka3
66. Rc3+ Kb2 67. Rxd3 a4 68. Nc4+ Kc2 69. Ra3 Rc5 70. Rxa4 Kb3 71. Ra6 Nd5+ 72.
Kd4 1-0

[Event "Bayern-chTT (RL Nord-West)"]
[Site "Bayern 2008/09"]
[Date "2008.12.14"]
[Round "4.8"]
[White "Herrmann, Michael(85)"]
[Black "Elter, Thimo"]
[Result "1/2-1/2"]
[WhiteElo "1736"]
[BlackElo "1712"]
[PlyCount "24"]
[EventDate "2009.03.??"]
[EventType "team-tourn"]
[EventRounds "9"]
[WhiteTeam "Bindlach 2"]
[BlackTeam "Obernau 1"]

1. e4 d6 2. d4 Nf6 3. Nc3 e5 4. dxe5 dxe5 5. Qxd8+ Kxd8 6. Bg5 Bd6 7. O-O-O Be6
8. h3 h6 9. Bxf6+ gxf6 10. Nb5 Ke7 11. Nxd6 cxd6 12. Bd3 Nc6 1/2-1/2

[Event "Bayern-chTT (RL Nord-West)"]
[Site "Bayern 2008/09"]
[Date "2008.12.14"]
[Round "4.1"]
[White "Weigand, Hans-Christian"]
[Black "Lorenz, Mark"]
[Result "1/2-1/2"]
[WhiteElo "2001"]
[BlackElo "2248"]
[PlyCount "90"]
[EventDate "2009.03.??"]
[EventType "team-tourn"]
[EventRounds "9"]
[WhiteTeam "Kronach 1"]
[BlackTeam "Marktleuthen 1"]

1. c4 f5 2. d4 Nf6 3. Nc3 g6 4. Bg5 Bg7 5. g3 O-O 6. Bg2 d6 7. e3 Nc6 8. Nge2
h6 9. Bxf6 Bxf6 10. O-O e6 11. f4 Qe7 12. a3 Qg7 13. b4 a6 14. Qd3 Kh8 15. Rad1
e5 16. fxe5 dxe5 17. Nd5 e4 18. Qc2 h5 19. Nef4 Bd8 20. Qe2 Ne7 21. Nxe7 Bxe7
22. c5 Bd7 23. Qa2 Rf6 24. h4 Rg8 25. Rf2 Qf7 26. Qxf7 Rxf7 27. Nd5 Bd8 28.
Bxe4 g5 29. Rdf1 gxh4 30. Bxf5 Bb5 31. Be6 Rxf2 32. Rxf2 hxg3 33. Rf5 Re8 34.
Rxh5+ Kg7 35. Bc8 Bc6 36. Bh3 Re4 37. Bg2 Rg4 38. Bf3 Rg5 39. Rxg5+ Bxg5 40.
Kg2 Bxd5 41. Bxd5 Bxe3 42. Bxb7 Bxd4 43. Bxa6 Bb2 44. a4 Ba3 45. b5 Bxc5
1/2-1/2

[Event "Bayern-chTT (RL Nord-West)"]
[Site "Bayern 2008/09"]
[Date "2008.12.14"]
[Round "4.2"]
[White "Wilfert, Andre"]
[Black "Stauch, Edgar"]
[Result "0-1"]
[WhiteElo "2009"]
[BlackElo "2090"]
[PlyCount "114"]
[EventDate "2009.03.??"]
[EventType "team-tourn"]
[EventRounds "9"]
[WhiteTeam "Marktleuthen 1"]
[BlackTeam "Kronach 1"]

1. e4 c5 2. Nf3 d6 3. d4 cxd4 4. Nxd4 Nf6 5. Nc3 g6 6. Be2 Bg7 7. Be3 O-O 8.
O-O Nc6 9. f4 Bd7 10. g4 Bxg4 11. Nxc6 Bxe2 12. Nxe7+ Qxe7 13. Qxe2 Rfe8 14.
Bd4 Nxe4 15. Bxg7 Kxg7 16. Nd5 Qd8 17. Qd3 Nf6 18. Qd4 Re4 19. Qd3 Ra4 20. Rad1
Nxd5 21. Qxd5 Qb6+ 22. Kh1 Ra5 23. Qe4 Rf5 24. Rg1 Kf8 25. Rge1 Rc8 26. Rd2 Qc6
27. c3 Rxf4 28. Qg2 Qxg2+ 29. Kxg2 Rf6 30. Re4 Re8 31. Rc4 Rfe6 32. Kg3 f5 33.
Rc7 R8e7 34. Rc8+ Kf7 35. Rd8 Re2 36. Rxe2 Rxe2 37. Rd7+ Re7 38. Rxd6 h6 39.
Kf3 b6 40. Rd8 Kf6 41. c4 g5 42. Rh8 g4+ 43. Kg3 Re3+ 44. Kf2 Rh3 45. Kg2 Kg5
46. Ra8 Rd3 47. Rxa7 Rd2+ 48. Kg1 Rxb2 49. Rb7 Rxa2 50. Rxb6 Rc2 51. Rc6 Kf4
52. Rf6 Rxc4 53. h4 h5 54. Rf7 g3 55. Rd7 Kg4 56. Rf7 f4 57. Rg7+ Kf3 0-1

[Event "Bayern-chTT (RL Nord-West)"]
[Site "Bayern 2008/09"]
[Date "2008.12.14"]
[Round "4.3"]
[White "Herdin, Hans-Ulrich"]
[Black "Kirschneck, Toralf"]
[Result "0-1"]
[WhiteElo "2050"]
[BlackElo "2058"]
[PlyCount "54"]
[EventDate "2009.03.??"]
[EventType "team-tourn"]
[EventRounds "9"]
[WhiteTeam "Kronach 1"]
[BlackTeam "Marktleuthen 1"]

1. e4 c5 2. Nf3 Nc6 3. d4 cxd4 4. Nxd4 d6 5. c4 g6 6. Nc3 Bg7 7. Be3 Nf6 8. Be2
Bd7 9. O-O Rc8 10. Qd2 Ne5 11. b3 Neg4 12. Bxg4 Nxg4 13. Bg5 Qa5 14. Rad1 f6
15. Bh4 h5 16. h3 Ne5 17. f4 Bh6 18. Qc2 Nc6 19. e5 Nxd4 20. Qxg6+ Kd8 21. Nd5
Bf5 22. Qf7 Rh7 23. Qg8+ Kd7 24. e6+ Nxe6 25. Nxf6+ exf6 26. Rxd6+ Kxd6 27.
Qxc8 Qc5+ 0-1

[Event "Bayern-chTT (RL Nord-West)"]
[Site "Bayern 2008/09"]
[Date "2008.12.14"]
[Round "4.4"]
[White "Nuernberger, Stefan"]
[Black "Lechleitner, Walter"]
[Result "1/2-1/2"]
[WhiteElo "2051"]
[BlackElo "2002"]
[PlyCount "65"]
[EventDate "2009.03.??"]
[EventType "team-tourn"]
[EventRounds "9"]
[WhiteTeam "Marktleuthen 1"]
[BlackTeam "Kronach 1"]

1. d4 Nf6 2. Nf3 e6 3. e3 b6 4. Bd3 Ba6 5. Bxa6 Nxa6 6. Qe2 Qc8 7. O-O d6 8. e4
Be7 9. Bf4 c5 10. c3 O-O 11. Nbd2 Rd8 12. Rfd1 Qb7 13. e5 Ne8 14. Ne4 cxd4 15.
cxd4 Nb4 16. a3 Nd5 17. Bg3 Rac8 18. Rac1 h6 19. h3 Rc6 20. Qb5 Rdc8 21. Rxc6
Qxc6 22. Qxc6 Rxc6 23. Rd2 b5 24. exd6 Nxd6 25. Nxd6 Bxd6 26. Bxd6 Rxd6 27. Rc2
Rd7 28. Rc8+ Kh7 29. Ne5 Rb7 30. b3 b4 31. a4 f6 32. Nd3 Rb6 33. g3 1/2-1/2

[Event "Bayern-chTT (RL Nord-West)"]
[Site "Bayern 2008/09"]
[Date "2008.12.14"]
[Round "4.5"]
[White "Becker, Alexander(63)"]
[Black "Kuespert, Helmut"]
[Result "1/2-1/2"]
[WhiteElo "1992"]
[BlackElo "1971"]
[PlyCount "58"]
[EventDate "2009.03.??"]
[EventType "team-tourn"]
[EventRounds "9"]
[WhiteTeam "Kronach 1"]
[BlackTeam "Marktleuthen 1"]

1. c4 Nf6 2. g3 c5 3. Bg2 e6 4. Nc3 a6 5. Nf3 Qc7 6. O-O d6 7. b3 Nbd7 8. Bb2
Rb8 9. a4 b6 10. Re1 Bb7 11. e4 Be7 12. d4 cxd4 13. Qxd4 O-O 14. Nd2 Rfd8 15.
h3 Bf8 16. Rac1 Rbc8 17. Qe3 Qb8 18. Ne2 Ba8 19. Nf4 Rc7 20. Nd3 e5 21. Nb4 Bb7
22. Bf1 Rdc8 23. Nd5 Bxd5 24. exd5 Nxd5 25. cxd5 Qb7 26. Bg2 f5 27. Rxc7 Rxc7
28. Nc4 Nc5 29. a5 bxa5 1/2-1/2

[Event "Bayern-chTT (RL Nord-West)"]
[Site "Bayern 2008/09"]
[Date "2008.12.14"]
[Round "4.6"]
[White "Lichtinger, Bernd"]
[Black "Hoermann, Fabian"]
[Result "0-1"]
[WhiteElo "2010"]
[BlackElo "1935"]
[PlyCount "66"]
[EventDate "2009.03.??"]
[EventType "team-tourn"]
[EventRounds "9"]
[WhiteTeam "Marktleuthen 1"]
[BlackTeam "Kronach 1"]

1. e4 c5 2. Nf3 d6 3. d4 cxd4 4. Nxd4 Nf6 5. Nc3 g6 6. Be3 Bg7 7. f3 O-O 8. Qd2
Nc6 9. Bc4 Bd7 10. O-O-O Rc8 11. Bb3 Ne5 12. Kb1 a6 13. h4 h5 14. g4 hxg4 15.
Nd5 Nh5 16. Rdg1 b5 17. f4 Nc4 18. Bxc4 Rxc4 19. f5 e5 20. Ne2 Rxe4 21. Bb6 Qe8
22. Nec3 Bxf5 23. Nxe4 Bxe4 24. Rh2 g3 25. Re2 Bxd5 26. Qxd5 Nf4 27. Qf3 Nxe2
28. Qxe2 e4 29. Qe3 Qe5 30. c3 f5 31. h5 f4 32. Bd4 Qxh5 33. Qxe4 Qf5 0-1

[Event "Bayern-chTT (RL Nord-West)"]
[Site "Bayern 2008/09"]
[Date "2008.12.14"]
[Round "4.7"]
[White "Horther, Heinrich"]
[Black "Hientz, Werner"]
[Result "1-0"]
[WhiteElo "1991"]
[BlackElo "1898"]
[PlyCount "91"]
[EventDate "2009.03.??"]
[EventType "team-tourn"]
[EventRounds "9"]
[WhiteTeam "Kronach 1"]
[BlackTeam "Marktleuthen 1"]

1. e4 c5 2. c3 d6 3. d4 cxd4 4. cxd4 g6 5. Nf3 Bg7 6. Bc4 e6 7. O-O Ne7 8. Nc3
O-O 9. Bf4 a6 10. a4 Nbc6 11. h3 d5 12. exd5 Nxd5 13. Bg5 Qa5 14. Qd2 Qb4 15.
Bxd5 exd5 16. Bh6 Be6 17. Rad1 Rad8 18. Rfe1 Rfe8 19. Bxg7 Kxg7 20. Ne5 Nxe5
21. Rxe5 f6 22. Re3 Bf7 23. Rde1 Rxe3 24. Rxe3 Rc8 25. Qe2 Qxd4 26. Re7 Qb6 27.
Qg4 Rd8 28. Qf4 Rd6 29. b4 Kf8 30. Rxb7 Qxb7 31. Qxd6+ Kg7 32. Qc5 Qb8 33. Qe7
Qe5 34. Qxe5 fxe5 35. b5 axb5 36. axb5 Be8 37. b6 Bc6 38. Na4 Kf6 39. Nc5 Kf5
40. b7 Bxb7 41. Nxb7 e4 42. Kf1 h5 43. Ke2 d4 44. Nc5 g5 45. f3 e3 46. g4+ 1-0

[Event "Bayern-chTT (RL Nord-West)"]
[Site "Bayern 2008/09"]
[Date "2008.12.14"]
[Round "4.8"]
[White "Kuespert, Sven"]
[Black "Schmierer, Hans-Joachim"]
[Result "1/2-1/2"]
[WhiteElo "1681"]
[BlackElo "1819"]
[PlyCount "68"]
[EventDate "2009.03.??"]
[EventType "team-tourn"]
[EventRounds "9"]
[WhiteTeam "Marktleuthen 1"]
[BlackTeam "Kronach 1"]

1. c4 Nf6 2. g3 e5 3. Bg2 Nc6 4. Nc3 d6 5. b3 g6 6. Bb2 Bg7 7. e3 O-O 8. Nge2
Bd7 9. O-O Qc8 10. d4 Bh3 11. Rc1 Bxg2 12. Kxg2 e4 13. Nf4 Re8 14. a3 a6 15.
Ncd5 Ne7 16. Nxf6+ Bxf6 17. b4 c6 18. Qb3 Qf5 19. Rfd1 g5 20. Nh3 Qf3+ 21. Kg1
Ng6 22. d5 g4 23. Nf4 Nxf4 24. gxf4 Bxb2 25. Qxb2 h5 26. Qf6 Qh3 27. Qg5+ Kf8
28. Qh6+ Kg8 29. dxc6 Re6 30. cxb7 Rb8 31. Qg5+ Rg6 32. Qe7 g3 33. fxg3 Rxg3+
34. hxg3 Qxg3+ 1/2-1/2

[Event "Bayern-chTT (RL Nord-West)"]
[Site "Bayern 2008/09"]
[Date "2008.12.14"]
[Round "4.1"]
[White "Wunder, Horst"]
[Black "Schwalbe, Gerhard"]
[Result "1/2-1/2"]
[WhiteElo "2134"]
[BlackElo "2032"]
[PlyCount "136"]
[EventDate "2009.03.??"]
[EventType "team-tourn"]
[EventRounds "9"]
[WhiteTeam "Nordhalben 1"]
[BlackTeam "Bamberg-SC 2"]

1. Nf3 g6 2. g3 b6 3. Bg2 Bb7 4. O-O Bg7 5. d4 Nf6 6. c4 O-O 7. Nc3 Ne4 8. Qc2
Nxc3 9. bxc3 f5 10. a4 Be4 11. Qa2 Kh8 12. Ba3 Bf6 13. Rac1 Qe8 14. Rfd1 d6 15.
Bb2 Qf7 16. d5 g5 17. Nd4 Bxg2 18. Kxg2 Bxd4 19. cxd4 f4 20. f3 g4 21. Rf1 Qh5
22. fxg4 Qxg4 23. Rf3 Nd7 24. h3 Qg5 25. g4 h5 26. Rg1 Rf7 27. Kf1 Rg8 28. Bc1
Nf8 29. Qc2 hxg4 30. Rxg4 Qh5 31. Rxg8+ Kxg8 32. Qe4 Ng6 33. Ke1 Qg5 34. Kd1
Kf8 35. Kc2 Ke8 36. Bd2 Rf6 37. a5 Qh4 38. axb6 axb6 39. c5 Qg5 40. c6 Qf5 41.
Kd3 Kf7 42. Qxf5 Rxf5 43. Ke4 e6 44. dxe6+ Kxe6 45. Bxf4 d5+ 46. Ke3 Nxf4 47.
Rxf4 Rh5 48. h4 Rh6 49. Kf3 Kd6 50. Kg4 Kxc6 51. Kg5 Re6 52. Rf2 Re4 53. h5
Rxd4 54. Rf4 Rd2 55. Rf2 Ra2 56. h6 Ra8 57. h7 b5 58. Rh2 Rh8 59. Kf4 Kd6 60.
Rh6+ Ke7 61. Ke5 Kf7 62. Kxd5 Kg7 63. Rc6 Rd8+ 64. Kc5 Rd7 65. Rh6 Kh8 66. Kxb5
Re7 67. Rh2 Rxh7 68. Rf2 Re7 1/2-1/2

[Event "Bayern-chTT (RL Nord-West)"]
[Site "Bayern 2008/09"]
[Date "2008.12.14"]
[Round "4.2"]
[White "Saring, Christoph Dr"]
[Black "Wunder, Stefan(58)"]
[Result "1-0"]
[WhiteElo "2005"]
[BlackElo "2025"]
[PlyCount "135"]
[EventDate "2009.03.??"]
[EventType "team-tourn"]
[EventRounds "9"]
[WhiteTeam "Bamberg-SC 2"]
[BlackTeam "Nordhalben 1"]

1. e4 g6 2. Nc3 Bg7 3. f4 c5 4. Nf3 Nc6 5. Bc4 d6 6. O-O e6 7. d3 Nge7 8. Ne2
d5 9. Bb3 O-O 10. c3 dxe4 11. dxe4 Qxd1 12. Rxd1 b6 13. Be3 Ba6 14. Kf2 Rad8
15. Ba4 f6 16. a3 Bd3 17. Ng3 Na5 18. b4 Nb7 19. Bb3 c4 20. Ne1 Bxe4 21. Bxc4
Bd5 22. Ba6 Nd6 23. Nf3 Rd7 24. Rac1 Rfd8 25. c4 Ba8 26. Re1 Nef5 27. c5 Nxg3
28. Kxg3 bxc5 29. bxc5 Ne4+ 30. Kh3 Bc6 31. Bg1 Bh6 32. Be3 Bf8 33. a4 Rd5 34.
g4 Nxc5 35. Bc4 Nxa4 36. Bxd5 Bxd5 37. Kg3 Nb2 38. Rc2 Nd3 39. Ra1 a6 40. Rd2
Bc4 41. Rad1 Bb4 42. Rg2 a5 43. Bd4 Bd6 44. Bxf6 Bxf4+ 45. Kh4 Rf8 46. g5 e5
47. Ne1 Nxe1 48. Rxe1 Re8 49. Rf2 Bf7 50. Ra1 Ra8 51. Rb2 Bc4 52. Ra4 Be6 53.
h3 Bd7 54. Ra1 a4 55. Rb7 Bf5 56. Rg7+ Kf8 57. Rxh7 Be6 58. Rh8+ Bg8 59. Rb1
Kf7 60. Rb7+ Ke6 61. Rg7 Kf5 62. Rhxg8 Ra6 63. Rxg6 a3 64. Bxe5 Ra4 65. Bxf4
Rxf4+ 66. Kg3 Ra4 67. Rf6+ Ke5 68. Re8+ 1-0